| 000 | 00900nam a22002417a 4500 | ||
|---|---|---|---|
| 005 | 20220308110248.0 | ||
| 008 | 220307s1986 nyua|||gr|||| 00| 0 eng d | ||
| 020 | _a0716717808 (3a.Ed.) | ||
| 040 |
_aCO-BoUCM _bspa _cDeissy Garcia _dDeissy Garcia |
||
| 041 | 0 | _aeng | |
| 060 | _aQH 430 | ||
| 100 |
_9125294 _aSuzuki, David _d1936- |
||
| 245 | 1 | 3 |
_aInstructor's guide for _ban introduction to genetic analysis _cpreparado por Kathleen Diamond, David T. Suzuki, Anthony J. F. Griffiths, Richard C. Lewontin |
| 250 | _a3a.Ed. | ||
| 260 |
_aNueva York _bW. H. Freeman _c1986 |
||
| 300 |
_a111 páginas _bilustraciones |
||
| 504 | _aIncluye referencias bibliográficas e índices | ||
| 650 | 7 |
_9207 _aGenética |
|
| 700 | 1 |
_aDiamond, Kathleen _9173838 |
|
| 700 | 1 |
_aGriffiths, Anthony J. F. _976451 |
|
| 700 | 1 |
_aLewontin, Richard C. _9146264 |
|
| 942 |
_2NLM _a25 _cLIBRO _e3 _hQH 430 _mS968ig _n0 |
||
| 999 |
_c320765 _d320765 |
||